[Event "Krajsky prebor jednotlivcu KHSS"]
[Site "Janske Lazne"]
[Date "2015.05.07"]
[Round "4.26"]
[White "Svec, Ludek"]
[Black "Nosek, Jan"]
[Result "0-1"]
[WhiteElo "1714"]
[BlackElo "1833"]
[PlyCount "26"]
[EventDate "2015.05.05"]

1. d4 Nf6 2. c4 g6 3. g3 Bg7 4. Bg2 d6 5. Nf3 O-O 6. O-O Nc6 7. Nc3 a6 8. Bf4
Rb8 9. d5 Na5 10. Qd3 c5 11. Rab1 b5 12. b3 b4 13. Nd1 Bf5 0-1

[Event "Krajsky prebor jednotlivcu KHSS"]
[Site "Janske Lazne"]
[Date "2015.05.07"]
[Round "4.27"]
[White "Jina, Lubos"]
[Black "Tsapanidis, Vasilis"]
[Result "1/2-1/2"]
[WhiteElo "1772"]
[BlackElo "1795"]
[PlyCount "93"]
[EventDate "2015.05.05"]

1. d4 g6 2. Nf3 Bg7 3. c4 d6 4. Nc3 Nc6 5. e3 e5 6. d5 Nce7 7. e4 b6 8. Bd3 Nh6
9. O-O O-O 10. Ne1 f5 11. f3 fxe4 12. fxe4 Rxf1+ 13. Bxf1 Bd7 14. Be2 Kh8 15.
Be3 Neg8 16. b4 a5 17. a3 axb4 18. axb4 Rxa1 19. Qxa1 Ng4 20. Bxg4 Bxg4 21. h3
Bd7 22. Qc1 h6 23. Nf3 Kh7 24. c5 bxc5 25. bxc5 dxc5 26. Bxc5 Qf6 27. Be3 Bxh3
28. Nb5 Bg4 29. Nh2 Be2 30. Nxc7 Bd3 31. Ne8 Qd8 32. Nxg7 Kxg7 33. Qc3 Bxe4 34.
Qxe5+ Nf6 35. Ng4 Bf5 36. Nxh6 Bd7 37. g4 Qe8 38. Qd4 Kh7 39. g5 Nxd5 40. Bd2
Qe6 41. Qf2 Qb6 42. Qxb6 Nxb6 43. Nf7 Nc4 44. Bc1 Kg7 45. Nd8 Kf8 46. Nb7 Kf7
47. Kf2 1/2-1/2

[Event "Krajsky prebor jednotlivcu KHSS"]
[Site "Janske Lazne"]
[Date "2015.05.07"]
[Round "5.1"]
[White "Vojta, Tomas"]
[Black "Kowalczyk, Pawel"]
[Result "1-0"]
[WhiteElo "2369"]
[BlackElo "2292"]
[PlyCount "53"]
[EventDate "2015.05.05"]
[WhiteClock "0:25:29"]
[BlackClock "0:54:07"]

1. e4 e6 2. d4 c5 3. dxc5 Bxc5 4. Bd3 Nc6 5. Nf3 Nf6 6. O-O d5 7. e5 Nd7 8. Bf4
h6 9. h4 Qb6 10. Nc3 Qxb2 11. Nb5 Qb4 12. Bd2 Qg4 13. Nc7+ Kd8 14. Nxa8 b6 15.
Be3 Bxe3 16. fxe3 Qg3 17. c4 Bb7 18. cxd5 Ncxe5 19. Be4 Bxa8 20. Nxe5 Qxe3+ 21.
Kh1 Nxe5 22. dxe6+ Ke7 23. Bxa8 Rxa8 24. Re1 Qf4 25. Rxe5 Qxh4+ 26. Kg1 fxe6
27. Qd5 1-0

[Event "Krajsky prebor jednotlivcu KHSS"]
[Site "Janske Lazne"]
[Date "2015.05.07"]
[Round "5.2"]
[White "Karlik, Vladimir"]
[Black "Kozusek, Daniel"]
[Result "1/2-1/2"]
[WhiteElo "2312"]
[BlackElo "2337"]
[PlyCount "36"]
[EventDate "2015.05.05"]
[WhiteClock "0:49:17"]
[BlackClock "1:01:17"]

1. d4 Nf6 2. Nf3 c5 3. c3 e6 4. Bf4 cxd4 5. cxd4 Qb6 6. Qc2 Nc6 7. e3 Nb4 8.
Qc1 Qa5 9. Nbd2 Qf5 10. Kd1 Be7 11. Qb1 Qxb1+ 12. Nxb1 Ne4 13. Bg3 Nxg3 14.
hxg3 O-O 15. Nc3 d6 16. a3 Nc6 17. Bd3 g6 18. Ke2 d5 1/2-1/2

[Event "Krajsky prebor jednotlivcu KHSS"]
[Site "Janske Lazne"]
[Date "2015.05.07"]
[Round "5.3"]
[White "Haman, Jakub"]
[Black "Moravec, Vit"]
[Result "0-1"]
[WhiteElo "2137"]
[BlackElo "2222"]
[PlyCount "64"]
[EventDate "2015.05.05"]
[WhiteClock "0:15:44"]
[BlackClock "0:14:40"]

1. e4 c5 2. Nf3 Nc6 3. d4 cxd4 4. Nxd4 g6 5. Nc3 Bg7 6. Be3 Nf6 7. Nxc6 bxc6 8.
e5 Ng8 9. f4 Nh6 10. Bc4 O-O 11. O-O Nf5 12. Bf2 d5 13. Bb3 h5 14. Qf3 Qa5 15.
Rad1 Rb8 16. Rfe1 Re8 17. Na4 Rb4 18. Nc5 Rb5 19. Qc3 Qxc3 20. bxc3 e6 21. Ba4
Ra5 22. Bxc6 Re7 23. Nd3 Rc7 24. Nb4 Ne7 25. c4 Nxc6 26. Nxd5 exd5 27. cxd5 Nb4
28. d6 Rxc2 29. Re4 Rd5 30. Rxd5 Nxd5 31. Bxa7 Rxa2 32. Bb8 Ra8 0-1

[Event "Krajsky prebor jednotlivcu KHSS"]
[Site "Janske Lazne"]
[Date "2015.05.07"]
[Round "5.4"]
[White "Cap, Adam"]
[Black "Malinovsky, Petr"]
[Result "1-0"]
[WhiteElo "2195"]
[BlackElo "1969"]
[PlyCount "79"]
[EventDate "2015.05.05"]
[WhiteClock "0:18:36"]
[BlackClock "0:06:18"]

1. e4 c5 2. Nf3 e6 3. d4 cxd4 4. Nxd4 Nf6 5. Nc3 Nc6 6. Ndb5 Bc5 7. Nd6+ Ke7 8.
Bf4 e5 9. Nxc8+ Rxc8 10. Bg5 Bb4 11. Bd3 h6 12. Bxf6+ gxf6 13. O-O Bxc3 14.
bxc3 Rg8 15. Rb1 b6 16. Qd2 d5 17. Qxh6 d4 18. c4 Na5 19. f4 Rh8 20. Qg7 Qd6
21. Rb5 exf4 22. e5 Qe6 23. Qxf6+ Qxf6 24. exf6+ Kxf6 25. Rxf4+ Kg7 26. Rg5+
Kf8 27. Rxd4 Nc6 28. Rd7 Rh6 29. c5 bxc5 30. Rxc5 Re8 31. Rf5 Ne5 32. Rxa7 Kg8
33. h3 Rd6 34. a4 f6 35. a5 Nxd3 36. cxd3 Re1+ 37. Kh2 Re2 38. Rb5 Rd8 39. a6
Kh8 40. Rc7 1-0

[Event "Krajsky prebor jednotlivcu KHSS"]
[Site "Janske Lazne"]
[Date "2015.05.07"]
[Round "5.5"]
[White "Kaderabek, Jiri"]
[Black "Juricek, Stanislav"]
[Result "1/2-1/2"]
[WhiteElo "2171"]
[BlackElo "2097"]
[PlyCount "35"]
[EventDate "2015.05.05"]
[WhiteClock "0:42:04"]
[BlackClock "0:49:13"]

1. e4 e5 2. Nf3 Nc6 3. d4 exd4 4. Nxd4 Bc5 5. Be3 Qf6 6. c3 Nge7 7. Bc4 Ne5 8.
Be2 Qg6 9. O-O d5 10. Bh5 Qd6 11. Nd2 O-O 12. N2b3 Bb6 13. Nb5 Qd7 14. Bxb6
axb6 15. Qe2 N5g6 16. Bxg6 hxg6 17. Rfd1 c6 18. N5d4 1/2-1/2

[Event "Krajsky prebor jednotlivcu KHSS"]
[Site "Janske Lazne"]
[Date "2015.05.07"]
[Round "5.6"]
[White "Tazlar, Petr"]
[Black "Matejovsky, Ondrej"]
[Result "1-0"]
[WhiteElo "2229"]
[BlackElo "1975"]
[PlyCount "93"]
[EventDate "2015.05.05"]
[WhiteClock "0:22:58"]
[BlackClock "0:00:57"]

1. d4 d5 2. c4 e6 3. Nc3 Nf6 4. cxd5 exd5 5. Bg5 Be7 6. Nf3 O-O 7. Qc2 c6 8. e3
Ne4 9. Bxe7 Qxe7 10. Bd3 Bf5 11. O-O Nxc3 12. Bxf5 Ne4 13. Qb3 g6 14. Bh3 f5
15. g3 g5 16. Bg2 g4 17. Nh4 Nd2 18. Qc2 Nxf1 19. Bxf1 Nd7 20. Bd3 Qg5 21. Bxf5
Nf6 22. Rf1 Rae8 23. Qd1 h5 24. Qb3 Re7 25. Ng6 Ree8 26. Qc2 Rf7 27. Nf4 Rfe7
28. Bg6 Rf8 29. Qc5 Nd7 30. Qd6 Qf6 31. Qb4 Qg5 32. Bd3 Nb6 33. Ng6 Ref7 34.
Nxf8 Rxf8 35. Qd6 Qf6 36. Qxf6 Rxf6 37. Kg2 Re6 38. h3 Re7 39. hxg4 hxg4 40.
Rh1 Nd7 41. Rh6 Rg7 42. Bf5 a5 43. b3 Nf8 44. Rh4 Kf7 45. Rxg4 Rxg4 46. Bxg4
Nh7 47. Bc8 1-0

[Event "Krajsky prebor jednotlivcu KHSS"]
[Site "Janske Lazne"]
[Date "2015.05.07"]
[Round "5.7"]
[White "Soural, Jan"]
[Black "Pychova, Nela"]
[Result "1/2-1/2"]
[WhiteElo "2211"]
[BlackElo "1980"]
[PlyCount "105"]
[EventDate "2015.05.05"]
[WhiteClock "0:02:10"]
[BlackClock "0:00:57"]

1. d4 Nf6 2. c4 e6 3. Nc3 Bb4 4. Bg5 h6 5. Bh4 b6 6. f3 Bxc3+ 7. bxc3 d5 8.
cxd5 exd5 9. e3 Qe7 10. Bf2 O-O 11. Bd3 c5 12. Ne2 Ba6 13. Bxa6 Nxa6 14. Qa4
Nc7 15. O-O Ne6 16. Rfd1 Rac8 17. Rac1 Rfd8 18. c4 cxd4 19. Nxd4 Nxd4 20. Rxd4
dxc4 21. Rcxc4 Rxc4 22. Qxc4 Rxd4 23. exd4 Qe6 24. Qxe6 fxe6 25. Kf1 Nd5 26.
Ke2 Kf7 27. Be1 Nf4+ 28. Kf1 Ke8 29. Bd2 Nd5 30. g4 Kd7 31. h4 Kc6 32. Ke2 Nf6
33. Kd3 Kd5 34. h5 Nd7 35. Bb4 a5 36. Be7 b5 37. f4 b4 38. g5 hxg5 39. fxg5 e5
40. dxe5 Nxe5+ 41. Ke3 Ke6 42. Bf8 Kf7 43. Bc5 Nc6 44. Kd3 a4 45. Kc4 b3 46.
axb3 axb3 47. Kxb3 Ne5 48. Kc3 Nf3 49. Be3 Ke6 50. Kd3 Kf5 51. h6 gxh6 52. gxh6
Ne5+ 53. Kd4 1/2-1/2

[Event "Krajsky prebor jednotlivcu KHSS"]
[Site "Janske Lazne"]
[Date "2015.05.07"]
[Round "5.8"]
[White "Peniska, Pavel"]
[Black "Jedlicka, Lubos"]
[Result "0-1"]
[WhiteElo "1929"]
[BlackElo "2210"]
[PlyCount "74"]
[EventDate "2015.05.05"]
[WhiteClock "0:03:44"]
[BlackClock "0:05:53"]

1. e4 c5 2. Nc3 d6 3. g3 g6 4. Bg2 Bg7 5. Nf3 Nc6 6. O-O e6 7. d3 Nge7 8. Be3
O-O 9. Qd2 Rb8 10. Bh6 b5 11. Bxg7 Kxg7 12. d4 b4 13. Ne2 Ba6 14. Rfd1 e5 15.
dxe5 dxe5 16. c3 Qc7 17. Bf1 Rfd8 18. Qe3 Qa5 19. cxb4 Qxb4 20. b3 f6 21. Nc3
Bxf1 22. Kxf1 Nd4 23. Rac1 Qa3 24. Kg2 Nec6 25. Nd2 Qa6 26. Nc4 Na5 27. Na4
Rbc8 28. h4 Nb7 29. f4 exf4 30. gxf4 Qe6 31. f5 gxf5 32. Nxc5 Nxc5 33. Rxd4 f4
34. Qd2 Qg4+ 35. Kh2 Nxe4 36. Rg1 Qxg1+ 37. Kxg1 Nxd2 0-1

[Event "Krajsky prebor jednotlivcu KHSS"]
[Site "Janske Lazne"]
[Date "2015.05.07"]
[Round "5.9"]
[White "Valenta, Vit"]
[Black "Sadil, Jan"]
[Result "1-0"]
[WhiteElo "2167"]
[BlackElo "1705"]
[PlyCount "69"]
[EventDate "2015.05.05"]

1. Nf3 d5 2. c4 c6 3. b3 Nf6 4. Bb2 Nbd7 5. d3 g6 6. g3 Bg7 7. Bg2 O-O 8. O-O
dxc4 9. bxc4 Nc5 10. Nbd2 Bf5 11. Qc2 Qd7 12. Rfe1 Rfd8 13. Ne5 Qc7 14. Ndf3
Nfd7 15. Nxd7 Rxd7 16. Bxg7 Kxg7 17. Nh4 Rad8 18. Nxf5+ gxf5 19. Qc3+ e5 20.
Bh3 Kg6 21. Qc1 Ne6 22. Qe3 Ng5 23. Bg2 Rd4 24. h4 Ne6 25. Bh3 f4 26. Qf3 fxg3
27. fxg3 Rg8 28. Rf1 Qe7 29. Qf5+ Kh6 30. Qxe5 Rg6 31. Bxe6 Qxh4 32. Qe3+ Rg5
33. Rf6+ Kg7 34. Rxf7+ Kh6 35. Bf5 1-0

[Event "Krajsky prebor jednotlivcu KHSS"]
[Site "Janske Lazne"]
[Date "2015.05.07"]
[Round "5.10"]
[White "Framberk, Jan"]
[Black "Rojikova, Lenka"]
[Result "1-0"]
[WhiteElo "2050"]
[BlackElo "1969"]
[PlyCount "111"]
[EventDate "2015.05.05"]

1. e4 c5 2. Nc3 Nc6 3. Nf3 d6 4. d4 cxd4 5. Nxd4 e6 6. Be3 Nf6 7. Be2 Be7 8.
O-O a6 9. f4 Qc7 10. a4 O-O 11. Kh1 Re8 12. Bd3 Nb4 13. a5 Bd7 14. Nf3 Nxd3 15.
cxd3 Rac8 16. Qe1 Bb5 17. Qd2 Bc6 18. Nd4 Ng4 19. Bg1 e5 20. Nf5 g6 21. Nxe7+
Qxe7 22. f5 Qh4 23. Rf3 gxf5 24. Rxf5 Re6 25. Raf1 Rf6 26. Rxf6 Nxf6 27. g3
Nxe4 28. dxe4 Bxe4+ 29. Nxe4 Qxe4+ 30. Qg2 Qxg2+ 31. Kxg2 Rc2+ 32. Rf2 Rc5 33.
Rd2 Rb5 34. Bb6 d5 35. Kf3 Kg7 36. Bd8 Kg6 37. b4 d4 38. Be7 Rd5 39. Ke4 Rd7
40. Bc5 Kf6 41. Rf2+ Ke6 42. g4 f6 43. h3 Rd8 44. Rf5 d3 45. Rf1 h5 46. Ra1
hxg4 47. hxg4 Rg8 48. Kf3 Rd8 49. Ke3 Rg8 50. Rg1 Rd8 51. Rg2 Rd7 52. Bb6 Rd5
53. Rd2 Rb5 54. Bc5 Kd5 55. Rxd3+ Kc4 56. Rd6 1-0

[Event "Krajsky prebor jednotlivcu KHSS"]
[Site "Janske Lazne"]
[Date "2015.05.07"]
[Round "5.11"]
[White "Smajzr, Martin"]
[Black "Portych, Vaclav"]
[Result "1-0"]
[WhiteElo "2204"]
[BlackElo "1877"]
[PlyCount "87"]
[EventDate "2015.05.05"]

1. e4 c5 2. Nc3 Nc6 3. f4 e6 4. Nf3 g6 5. g3 Bg7 6. Bg2 Nge7 7. O-O O-O 8. d3
b6 9. Ne2 Bb7 10. g4 d5 11. e5 Rc8 12. g5 Nf5 13. Ng3 Nce7 14. c3 d4 15. c4 Qd7
16. Qe2 Rfe8 17. Ne1 Bxg2 18. Nxg2 Qb7 19. Ne4 Red8 20. h4 Kf8 21. h5 Ke8 22.
h6 Bh8 23. b3 Ra8 24. Bd2 a5 25. a3 Nc6 26. Rfb1 Kd7 27. Ne1 Ra7 28. Nf3 Rda8
29. Nh2 Kc7 30. Ng4 Rd8 31. Ra2 Qa8 32. Rab2 Rb8 33. Kf2 Ra6 34. Qd1 Ra7 35. b4
axb4 36. axb4 Nxb4 37. Bxb4 cxb4 38. Rxb4 Ra2+ 39. R4b2 Qa3 40. Qc2 Rxb2 41.
Rxb2 Qa1 42. Rb1 Qa7 43. Qb2 Ne7 44. Nd6 1-0

[Event "Krajsky prebor jednotlivcu KHSS"]
[Site "Janske Lazne"]
[Date "2015.05.07"]
[Round "5.12"]
[White "Pycha, Patrik"]
[Black "Kotyza, Bohumil"]
[Result "1/2-1/2"]
[WhiteElo "2142"]
[BlackElo "1872"]
[PlyCount "58"]
[EventDate "2015.05.05"]

1. e4 e6 2. d4 d5 3. Nc3 dxe4 4. Nxe4 Nd7 5. g3 Ngf6 6. Nxf6+ Nxf6 7. Bg2 c5 8.
Nf3 Be7 9. O-O O-O 10. Be3 Nd5 11. c4 Nxe3 12. fxe3 Bf6 13. Qd2 Qb6 14. Rad1 a6
15. Qf2 Rb8 16. Ne5 Bxe5 17. dxe5 Qc7 18. Rd6 b5 19. Rfd1 Rb6 20. cxb5 axb5 21.
Qd2 f6 22. Rd8 Ba6 23. exf6 gxf6 24. Be4 f5 25. Bxf5 exf5 26. Qd5+ Qf7 27.
Rxf8+ Kxf8 28. Qd8+ Qe8 29. Qxb6 Qxe3+ 1/2-1/2

[Event "Krajsky prebor jednotlivcu KHSS"]
[Site "Janske Lazne"]
[Date "2015.05.07"]
[Round "5.13"]
[White "Cerny, David"]
[Black "Safarik, Jakub"]
[Result "0-1"]
[WhiteElo "1787"]
[BlackElo "2138"]
[PlyCount "143"]
[EventDate "2015.05.05"]

1. e4 d6 2. d4 Nf6 3. f3 g6 4. Be3 Bg7 5. c4 O-O 6. Nc3 e5 7. d5 c5 8. Bd3 Na6
9. Nge2 Nh5 10. O-O Nb4 11. a3 Nxd3 12. Qxd3 f5 13. b4 f4 14. Bd2 b6 15. bxc5
bxc5 16. a4 g5 17. a5 Nf6 18. a6 h5 19. Nb5 g4 20. Rfb1 Ne8 21. Nec3 Rf6 22.
Ra2 Rg6 23. Be1 Bf6 24. Kh1 Bh4 25. Bxh4 Qxh4 26. Qf1 Qe7 27. Rba1 Rg7 28. Rb1
Nf6 29. Rbb2 Nh7 30. Ne2 Ng5 31. Ng1 Rb8 32. Rb1 Rb6 33. Rba1 Rg6 34. Ra3 Qg7
35. R1a2 h4 36. Ra5 Nh7 37. Ra1 Nf6 38. R5a3 Nh5 39. Ne2 Qh7 40. Kg1 Rg7 41.
R1a2 h3 42. g3 fxg3 43. Nxg3 Nxg3 44. hxg3 Qh6 45. fxg4 Rxa6 46. Rxa6 Bxa6 47.
Rf2 Bc8 48. Nxa7 Bxg4 49. Nb5 Qg6 50. Kh2 Kh7 51. Nc3 Rb7 52. Nb5 Rg7 53. Nc3
Qg5 54. Nb5 Rg6 55. Nc3 Qe3 56. Nb5 Qxe4 57. Nc3 Qe3 58. Nb5 Kh6 59. Rf6 Kg5
60. Rf2 e4 61. Rf8 Bf3 62. Rh8 Qe2+ 63. Qxe2 Bxe2 64. Kxh3 Bxc4 65. Nc3 e3 66.
Re8 e2 67. Nxe2 Bxd5 68. Kh2 Re6 69. Rg8+ Kf5 70. Rf8+ Kg6 71. g4 Kg5 72. Rg8+
0-1

[Event "Krajsky prebor jednotlivcu KHSS"]
[Site "Janske Lazne"]
[Date "2015.05.07"]
[Round "5.14"]
[White "Sobotnik, Petr"]
[Black "Ruzickova, Radka"]
[Result "1/2-1/2"]
[WhiteElo "2020"]
[BlackElo "1777"]
[PlyCount "79"]
[EventDate "2015.05.05"]

1. c4 Nf6 2. Nc3 e6 3. e4 d5 4. e5 d4 5. exf6 dxc3 6. bxc3 Qxf6 7. Nf3 e5 8. d4
exd4 9. cxd4 Bb4+ 10. Bd2 Bxd2+ 11. Qxd2 O-O 12. Be2 c5 13. O-O cxd4 14. Qxd4
Qxd4 15. Nxd4 Nd7 16. Bf3 Nc5 17. Rab1 Rd8 18. Rfd1 Bd7 19. Bd5 Rab8 20. h3 g6
21. Re1 Re8 22. Rxe8+ Bxe8 23. Re1 Kf8 24. Re3 Nd7 25. Rf3 Nb6 26. Rc3 Rd8 27.
Rd3 Nxd5 28. Nc2 Rc8 29. Rxd5 Rxc4 30. Ne3 Rb4 31. Rd2 Bc6 32. f3 a5 33. Kf2 a4
34. Nd1 Rb5 35. Nc3 Rc5 36. Ne4 Bxe4 37. fxe4 b5 38. Ke3 Ke7 39. Kd4 Rc7 40.
Rb2 1/2-1/2

[Event "Krajsky prebor jednotlivcu KHSS"]
[Site "Janske Lazne"]
[Date "2015.05.07"]
[Round "5.15"]
[White "Vystrcil, Martin"]
[Black "Steiner, Pavel"]
[Result "1-0"]
[WhiteElo "1999"]
[BlackElo "1845"]
[PlyCount "43"]
[EventDate "2015.05.05"]

1. e4 c6 2. d4 d5 3. Nc3 dxe4 4. Nxe4 Nd7 5. Bd3 Ngf6 6. Qe2 e6 7. Bf4 Nb6 8.
c3 Nxe4 9. Bxe4 Be7 10. Nf3 Nd5 11. Bg3 O-O 12. Qc2 g6 13. h4 Kg7 14. h5 b6 15.
Ne5 Qe8 16. c4 Nb4 17. Qd2 f5 18. hxg6 h5 19. Nf7 Rxf7 20. Rxh5 Kg8 21. Qh6 Bf6
22. Be5 1-0

[Event "Krajsky prebor jednotlivcu KHSS"]
[Site "Janske Lazne"]
[Date "2015.05.07"]
[Round "5.16"]
[White "Stanek, Petr"]
[Black "Tovarek, Antonin"]
[Result "0-1"]
[WhiteElo "1902"]
[BlackElo "1963"]
[PlyCount "58"]
[EventDate "2015.05.05"]

1. d4 Nf6 2. c4 e6 3. Nf3 b6 4. g3 Bb7 5. Bg2 c5 6. e3 Be7 7. Nc3 d5 8. cxd5
Nxd5 9. O-O Nxc3 10. bxc3 O-O 11. a4 Nc6 12. Ba3 cxd4 13. Bxe7 Qxe7 14. cxd4
Rac8 15. Qb1 Na5 16. Ne5 Bxg2 17. Kxg2 Qb7+ 18. Kg1 Rc3 19. Ra2 Rfc8 20. Nd3
Qa6 21. Rc1 Nb3 22. Rd1 Qc4 23. Nb2 Qd5 24. Nd3 g6 25. Ra3 Nd2 26. Rxc3 Nf3+
27. Kf1 Rxc3 28. h4 Nd2+ 29. Rxd2 Qh1+ 0-1

[Event "Krajsky prebor jednotlivcu KHSS"]
[Site "Janske Lazne"]
[Date "2015.05.07"]
[Round "5.17"]
[White "Kabelka, Ondrej"]
[Black "Tichy, Miroslav"]
[Result "1-0"]
[WhiteElo "1737"]
[BlackElo "1957"]
[PlyCount "81"]
[EventDate "2015.05.05"]

1. d4 Nf6 2. c4 g6 3. Nc3 Bg7 4. g3 c6 5. d5 d6 6. Bg2 Qb6 7. Nf3 cxd5 8. cxd5
Bf5 9. O-O O-O 10. Nd4 Bd7 11. Nb3 Na6 12. Be3 Qd8 13. h3 h6 14. Qd2 Kh7 15.
Rac1 b6 16. Rfd1 Rc8 17. Nd4 Nb8 18. Ncb5 Bxb5 19. Nxb5 Qd7 20. Qd3 a6 21. Nd4
e5 22. Nc6 Qb7 23. Qb3 b5 24. Qa3 Ne8 25. Na5 Qd7 26. Rxc8 Qxc8 27. Rc1 Qd7 28.
Nc6 Nc7 29. Bb6 Na8 30. Be3 f5 31. Nxb8 Rxb8 32. Qxa6 b4 33. Rc6 Bf8 34. b3 Qe7
35. Bd2 g5 36. Bxb4 Rxb4 37. Qxa8 Rd4 38. Qc8 Qf6 39. Qd7+ Kh8 40. Rc7 Bg7 41.
Qe6 1-0

[Event "Krajsky prebor jednotlivcu KHSS"]
[Site "Janske Lazne"]
[Date "2015.05.07"]
[Round "5.18"]
[White "Vit, Jakub"]
[Black "Mladek, Richard"]
[Result "0-1"]
[WhiteElo "1720"]
[BlackElo "1904"]
[PlyCount "68"]
[EventDate "2015.05.05"]

1. c4 e5 2. Nc3 Nc6 3. g3 f5 4. Bg2 Nf6 5. d3 g6 6. Bg5 Bg7 7. Nf3 O-O 8. Qc1
d6 9. O-O Be6 10. Rb1 Rb8 11. b4 Qd7 12. a4 Nd8 13. b5 Nf7 14. a5 d5 15. Rd1 h6
16. Bxf6 Bxf6 17. Na4 b6 18. axb6 axb6 19. Nc3 d4 20. Na2 g5 21. Nb4 g4 22. Nd2
Bg5 23. Na6 Rbd8 24. Qa3 Nd6 25. Bc6 Qf7 26. Nb3 f4 27. Rf1 f3 28. exf3 gxf3
29. h4 Bxh4 30. Qc1 Bg5 31. Qd1 Qh5 32. Nd2 Bxd2 33. Qxd2 e4 34. Bd5 Bxd5 0-1

[Event "Krajsky prebor jednotlivcu KHSS"]
[Site "Janske Lazne"]
[Date "2015.05.07"]
[Round "5.19"]
[White "Vorisek, Jakub"]
[Black "Sedivy, Martin"]
[Result "0-1"]
[WhiteElo "1675"]
[BlackElo "2049"]
[PlyCount "42"]
[EventDate "2015.05.05"]

1. e4 e5 2. Nf3 d6 3. d4 f5 4. Nc3 fxe4 5. Nxe4 Nf6 6. Bd3 Bg4 7. h3 Bh5 8.
dxe5 dxe5 9. Nxf6+ gxf6 10. Bb5+ Nc6 11. Bxc6+ bxc6 12. Qxd8+ Rxd8 13. O-O Rg8
14. Kh1 Bc5 15. Ng1 Bg6 16. c3 Bd3 17. Rd1 Bxf2 18. Nf3 e4 19. Ng1 Kf7 20. Bf4
Rd7 21. Bd2 Bc2 0-1

[Event "Krajsky prebor jednotlivcu KHSS"]
[Site "Janske Lazne"]
[Date "2015.05.07"]
[Round "5.20"]
[White "Stradej, Vlastimil"]
[Black "Neubauer, Vilem"]
[Result "1/2-1/2"]
[WhiteElo "2013"]
[BlackElo "1797"]
[PlyCount "70"]
[EventDate "2015.05.05"]

1. e4 g6 2. d4 Bg7 3. Nc3 d6 4. Bg5 h6 5. Be3 Nf6 6. f3 O-O 7. Qd2 Kh7 8. O-O-O
c6 9. g4 Ng8 10. h4 b5 11. Bd3 b4 12. Nce2 a5 13. Kb1 Ba6 14. h5 g5 15. f4 f6
16. Nh3 Bxd3 17. Qxd3 Kh8 18. f5 Nd7 19. Nf2 Nb6 20. c4 bxc3 21. Nxc3 d5 22.
exd5 cxd5 23. Bc1 e6 24. fxe6 Re8 25. Rhe1 Qd6 26. Nh1 Ne7 27. Ng3 Nc4 28. Nf5
Nxf5 29. Qxf5 Rab8 30. Ka1 Nb6 31. e7 Rxe7 32. Rxe7 Qxe7 33. Nxd5 Nxd5 34. Qxd5
Qe2 35. Qh1 Qxg4 1/2-1/2

[Event "Krajsky prebor jednotlivcu KHSS"]
[Site "Janske Lazne"]
[Date "2015.05.07"]
[Round "5.21"]
[White "Dumkova, Daniela"]
[Black "Martinovsky, Miroslav"]
[Result "1/2-1/2"]
[WhiteElo "1698"]
[BlackElo "1854"]
[PlyCount "61"]
[EventDate "2015.05.05"]

1. Nf3 d5 2. c4 e6 3. d4 Nf6 4. e3 Nbd7 5. Qc2 c6 6. Nbd2 Be7 7. Bd3 Qc7 8. O-O
O-O 9. b3 Re8 10. Bb2 Bf8 11. e4 dxe4 12. Nxe4 Nxe4 13. Bxe4 Nf6 14. Bd3 h6 15.
Ne5 Bd7 16. Qe2 Rad8 17. Qf3 b6 18. Rfe1 c5 19. dxc5 bxc5 20. Rad1 Be7 21. Bc1
Bc8 22. Nc6 Bb7 23. Nxe7+ Qxe7 24. Qg3 Kh8 25. Bb2 Rd7 26. Re3 Red8 27. Rde1
Bc6 28. Bc3 Bb7 29. Ba5 Rc8 30. Qh4 Re8 31. Bc3 1/2-1/2

[Event "Krajsky prebor jednotlivcu KHSS"]
[Site "Janske Lazne"]
[Date "2015.05.07"]
[Round "5.22"]
[White "Tobiskova, Petra"]
[Black "Chalupecky, Vladimir"]
[Result "0-1"]
[WhiteElo "1777"]
[BlackElo "1962"]
[PlyCount "98"]
[EventDate "2015.05.05"]

1. c4 e5 2. g3 d6 3. Bg2 c6 4. Nc3 Nf6 5. e4 Be7 6. Nge2 O-O 7. d3 Bg4 8. h3
Bh5 9. O-O Nbd7 10. Be3 h6 11. Qd2 Nh7 12. f4 f6 13. f5 Bf7 14. Kh2 Qc7 15.
Rac1 Rfd8 16. g4 Nb6 17. Ng3 Rd7 18. Rg1 Rad8 19. a3 Nc8 20. h4 b6 21. Bh3 Qb7
22. g5 fxg5 23. f6 Bxf6 24. Bxd7 Qxd7 25. Nf5 d5 26. hxg5 hxg5 27. cxd5 cxd5
28. Bxg5 Nxg5 29. Rxg5 dxe4 30. Nxe4 Kf8 31. Nxf6 gxf6 32. Qb4+ Nd6 33. Nxd6 a5
34. Qxb6 Qxd6 35. Qxd6+ Rxd6 36. Rg3 f5 37. Rc8+ Ke7 38. Rc5 f4 39. Rf3 Bd5 40.
Rh3 Rd8 41. Rxa5 Kf6 42. Ra6+ Kg5 43. Rh7 Rc8 44. Rg7+ Kf5 45. Rag6 Rc2+ 46.
Kg1 f3 47. Rg5+ Kf4 48. Rg4+ Ke3 49. Re7 f2+ 0-1

[Event "Krajsky prebor jednotlivcu KHSS"]
[Site "Janske Lazne"]
[Date "2015.05.07"]
[Round "5.23"]
[White "Solc, Filip"]
[Black "Peroutka, Ivo"]
[Result "1-0"]
[WhiteElo "1816"]
[BlackElo "1877"]
[PlyCount "51"]
[EventDate "2015.05.05"]

1. e4 e6 2. d4 d5 3. Nd2 Bd7 4. Bd3 dxe4 5. Nxe4 Bc6 6. Nf3 Be7 7. c3 Nf6 8.
Nxf6+ Bxf6 9. O-O h6 10. Bf4 Nd7 11. Re1 O-O 12. Bc2 Bxf3 13. Qxf3 c6 14. Qd3
g6 15. Bxh6 Bg7 16. Bxg7 Kxg7 17. Rxe6 Qg5 18. Re3 Rh8 19. Rae1 Nf6 20. h3 Rh6
21. Rg3 Qf4 22. Rf3 Qd6 23. Bb3 Rah8 24. Qe3 Re8 25. Qxe8 Nxe8 26. Rxf7+ 1-0

[Event "Krajsky prebor jednotlivcu KHSS"]
[Site "Janske Lazne"]
[Date "2015.05.07"]
[Round "5.24"]
[White "Havelka, Petr"]
[Black "Palla, Rostislav"]
[Result "1/2-1/2"]
[WhiteElo "1859"]
[BlackElo "1740"]
[PlyCount "30"]
[EventDate "2015.05.05"]

1. d4 d5 2. c4 c6 3. cxd5 cxd5 4. Nc3 Nf6 5. Nf3 Nc6 6. Bf4 e6 7. e3 Qb6 8. Qc2
a6 9. Nd2 Bd7 10. a3 Rc8 11. Qb3 Qxb3 12. Nxb3 Nh5 13. Bg3 b5 14. Be2 Nxg3 15.
hxg3 Be7 1/2-1/2

[Event "Krajsky prebor jednotlivcu KHSS"]
[Site "Janske Lazne"]
[Date "2015.05.07"]
[Round "5.25"]
[White "Nosek, Jan"]
[Black "Hatas, Radim"]
[Result "0-1"]
[WhiteElo "1833"]
[BlackElo "1642"]
[PlyCount "94"]
[EventDate "2015.05.05"]

1. d4 Nf6 2. c4 e6 3. Nf3 b6 4. g3 Bb7 5. Bg2 Bb4+ 6. Bd2 Bxd2+ 7. Nbxd2 O-O 8.
Qc2 d6 9. O-O Nbd7 10. e3 Rc8 11. b3 c5 12. Qb2 Qe7 13. Rfd1 cxd4 14. Nxd4 Bxg2
15. Kxg2 Nc5 16. N2f3 Rfd8 17. Rac1 d5 18. b4 Na4 19. Qb3 Qe8 20. Nb5 a6 21.
Qxa4 axb5 22. Qxb5 Qxb5 23. cxb5 Ne4 24. Nd4 Kf8 25. Nc6 Rd7 26. Ne5 Rdc7 27.
Nd7+ Ke7 28. Rxc7 Rxc7 29. Nxb6 Rc2 30. a4 Nxf2 31. Rc1 Rxc1 32. Kxf2 Rb1 33.
a5 Rxb4 34. Nc8+ Kd7 35. Na7 Kc7 36. b6+ Kb7 37. Ke2 Ra4 38. Nb5 Rxa5 39. Nd6+
Kxb6 40. Nxf7 Ra2+ 41. Kf3 Rxh2 42. Ng5 e5 43. Nf7 e4+ 44. Kg4 Kc6 45. Ng5 Kd6
46. Nf7+ Ke6 47. Nd8+ Kf6 0-1

[Event "Krajsky prebor jednotlivcu KHSS"]
[Site "Janske Lazne"]
[Date "2015.05.07"]
[Round "5.26"]
[White "Tsapanidis, Vasilis"]
[Black "Svec, Ludek"]
[Result "1-0"]
[WhiteElo "1795"]
[BlackElo "1714"]
[PlyCount "85"]
[EventDate "2015.05.05"]

1. c4 Nf6 2. Nc3 e5 3. Nf3 Nc6 4. d4 exd4 5. Nxd4 Bb4 6. Nxc6 bxc6 7. Bg5 O-O
8. Qd4 c5 9. Qf4 Re8 10. Bxf6 Qxf6 11. Qxf6 gxf6 12. Rc1 Bxc3+ 13. Rxc3 d6 14.
e3 Rb8 15. b3 Bf5 16. Bd3 Bg6 17. O-O a5 18. Rfc1 Kg7 19. g3 Rb7 20. Kg2 a4 21.
bxa4 Ra8 22. Bc2 Bxc2 23. R1xc2 Rxa4 24. Rb3 Rba7 25. Rbb2 Kg6 26. Kf3 R4a6 27.
Ke4 c6 28. h4 Ra4 29. Kf3 Rb4 30. Rxb4 cxb4 31. Rb2 c5 32. Ke4 Ra6 33. g4 f5+
34. gxf5+ Kh5 35. f4 Ra3 36. Rc2 Ra4 37. Kd5 Ra6 38. Rg2 Kh6 39. f6 Kh5 40. Rg7
Kh6 41. f5 Rxa2 42. Rxf7 Ra8 43. Rb7 1-0